| 000 | 00600nam a2200205 a 4500 | ||
|---|---|---|---|
| 005 | 20231019063544.0 | ||
| 008 | 991125s1959 ea 000 0 spa u | ||
| 035 | _aUPN01000001284 | ||
| 049 | _aF | ||
| 050 | 4 |
_aLB1578 A2 _bA48 1959 |
|
| 245 | 0 | 0 | _aAgua pura. |
| 250 | _a7a ed. | ||
| 260 |
_aWashington, D.C. : _bUnión Panamericana, _c1959. |
||
| 300 | _a30 p. | ||
| 440 | 0 |
_aBiblioteca popular latinoamericana. _pSerie de salud |
|
| 520 | _aDisponible en la Colección Medina | ||
| 650 | 4 |
_aAlfabetización (Educación) _91831 |
|
| 650 | 4 |
_aCartillas (Lectura elemental) _91832 |
|
| 905 | _aLibro | ||
| 999 |
_c1284 _d1284 |
||